[Event "Cappelle op 13th"]
[Site "Cappelle la Grande"]
[Date "1997.??.??"]
[Round "5"]
[White "Blehm, Pawel"]
[Black "Novikov, Igor A"]
[Result "1-0"]
[WhiteElo "2420"]
[BlackElo "2580"]
[Annotator "Konikowski,J"]
[PlyCount "59"]
[EventDate "1997.02.15"]
[EventType "swiss"]
[EventRounds "9"]
[EventCountry "FRA"]
[SourceTitle "CBM 057 Extra"]
[Source "ChessBase"]
[SourceDate "1997.05.01"]
[SourceVersion "1"]
[SourceVersionDate "1997.05.01"]
[SourceQuality "1"]

1. e4 c5 2. Nf3 d6 3. d4 cxd4 4. Nxd4 Nf6 5. Nc3 a6 6. Be3 e6 7. g4 $5 e5 8.
Nf5 g6 9. g5 gxf5 10. exf5 $1 d5 (10... Ng8 11. Nd5 $1 Bxf5 (11... Nd7 12. Qf3
$36) 12. Bb6 Qc8 13. Nc7+ Ke7 14. Nxa8 Nd7 15. Bc7 Qxa8 16. Bxd6+ (16. Qxd6+ $2
Ke8 17. Qd5 Ne7 18. Qf3 Qc8 $19) 16... Ke8 17. Bxf8 Nxf8 (17... Kxf8 18. Qd6+
Kg7 19. O-O-O $36) 18. Qe2 $13) 11. gxf6 d4 12. Bc4 Qxf6 (12... Qc7 13. Qd3
dxe3 14. O-O-O exf2 15. Bxf7+ $1 Kxf7 16. Qd5+ Ke8 (16... Kxf6 17. Ne4+ Kxf5
18. Rhf1 Bh6+ 19. Kb1 Bf4 20. Rxf2 Qe7 21. Rdf1 Kg6 22. Nd6 Qe6 23. Qe4+ Kh6
24. Rxf4 exf4 25. Qxf4+ Kh5 (25... Kg7 26. Qg5+ Qg6 27. Rf7+ Kg8 28. Qd8#) 26.
Ne4 $40) 17. f7+ Ke7 18. Qf3 Bh6+ 19. Kb1 Kf8 20. Qxf2 Nd7 21. Ne4 Bg7 22. Rhg1
Nf6 23. Qg3 Qxf7 24. Qa3+ Qe7 25. Qxe7+ Kxe7 26. Rxg7+ Kf8 27. Rc7 Ne8 28. Rd8
Rg8 29. Ng3 $44 {Shirov,A-Polgar,J/Dortmund/1996/}) 13. Nd5 Qc6 14. Bxd4 Bb4+ (
14... Qxc4 15. Nf6+ Ke7 16. Bxe5 Qc6 17. Nd5+ Ke8 18. Nc7+ Ke7 19. f6+ $18) 15.
c3 Qxc4 16. Be3 Be7 17. Nb6 Qc6 18. Rg1 Bd8 19. Nxa8 b5 20. Qe2 $5 $146 (20.
Qh5 Qxa8 21. O-O-O $13 {Arnason,J}) 20... Nd7 21. Bd4 Bf6 (21... f6 22. f4 Qxa8
23. fxe5 $18) 22. Nb6 Nxb6 23. Bxe5 Kf8 24. O-O-O Nc4 25. Rd8+ $1 Ke7 (25...
Bxd8 26. Bg7+ Kg8 27. Qe8+ $1 Qxe8 28. Bh6+ $18) 26. Bxf6+ Kxf6 27. Rxh8 Bxf5
28. Qe8 Bd7 29. Qd8+ Ke6 30. Rxh7 1-0

[Event "Rostock-A 15th"]
[Site "Rostock"]
[Date "1989.??.??"]
[Round "3"]
[White "Kovalev, Andrei"]
[Black "Pieniazek, Artur"]
[Result "1-0"]
[WhiteElo "2505"]
[BlackElo "2345"]
[Annotator "Kovalev,A"]
[PlyCount "71"]
[EventDate "1989.08.19"]
[EventType "tourn"]
[EventRounds "9"]
[EventCountry "DDR"]
[EventCategory "6"]
[SourceTitle "EXT 2002"]
[Source "ChessBase"]
[SourceDate "2001.11.25"]
[SourceVersion "1"]
[SourceVersionDate "2001.11.25"]
[SourceQuality "1"]

1. e4 c5 2. Nf3 e6 3. d4 cxd4 4. Nxd4 Nf6 5. Nc3 d6 6. g4 h6 7. Rg1 (7. h4)
7... Be7 8. Be3 Nc6 9. Qf3 (9. f3) 9... Nxd4 $5 $146 (9... Ne5 10. Qh3 $1) (
9... a6 10. O-O-O Qc7 11. h4 Nd7 12. g5 $36 {Spraggett,K-Sokolov,A/Saint John 
(m/7) 1988 -45/270}) 10. Bxd4 e5 11. Be3 Be6 12. h4 g6 $6 (12... Nh7 $1 13.
Bb5+ (13. O-O-O Bxh4 14. Nb5 Be7 15. Bc5 O-O 16. Nxd6 Qc7 $1) (13. g5 hxg5 14.
hxg5 Nxg5 15. Qg3 Rh5 16. Be2 Rh3 17. Qg2 Rxe3 $1) 13... Kf8 14. h5 $13) 13. g5
hxg5 14. hxg5 Nd7 (14... Nh7 $6 15. Qg3) 15. O-O-O Qa5 (15... Rc8 $142 16. Nd5
Bxd5 17. Rxd5 Nb6 18. Rh1 Rxh1 19. Qxh1 a6 $1 (19... Nxd5 $2 20. Bb5+) 20. Rd2
Nc4) 16. Kb1 Nb6 17. Rh1 Rxh1 (17... O-O-O 18. Rxh8 Rxh8 19. a3 {und Nb5!}) 18.
Bb5+ $1 Nd7 19. Bxd7+ (19. Rxh1 Bxa2+ $1) 19... Kxd7 20. Qxh1 $1 Rc8 21. Nd5
Bxd5 22. Rxd5 Qc7 23. Qd1 Ke8 24. b3 a6 25. c4 Qc6 $2 (25... Qd7 $142) 26. f4
$1 exf4 (26... b5 $1 27. cxb5 (27. fxe5 bxc4 $1 28. exd6 Bxd6 $1) 27... axb5
28. fxe5 dxe5 29. Rxe5 Kf8 30. Rd5 $16) 27. Bxf4 Rd8 (27... b5 28. c5 $1 dxc5
29. Qh1 Bf8 30. Qh8 $1) 28. Qd4 {/\ c5} Bf8 $2 $138 (28... Rd7 29. a4 $1 Bf8
30. a5 Be7 31. Qh8+ Bf8 32. Be3 Qc7 33. Bd4 Qd8 34. Bf6 $1) 29. c5 Qb5 30. cxd6
Qf1+ 31. Bc1 Kd7 32. Rc5 Rc8 33. Rxc8 Kxc8 34. Qc3+ Kd7 35. Qc7+ Ke6 36. Qc8+ {
1:02-2:01} (36. Qc8+ Ke5 37. Qxf8 Qd3+ 38. Ka1) 1-0

[Event "Biel GM 45th"]
[Site "Biel"]
[Date "2012.07.31"]
[Round "8"]
[White "Bacrot, Etienne"]
[Black "Giri, Anish"]
[Result "0-1"]
[WhiteElo "2713"]
[BlackElo "2696"]
[Annotator "Kritz,L"]
[PlyCount "70"]
[EventDate "2012.07.23"]
[EventType "tourn"]
[EventRounds "10"]
[EventCountry "SUI"]
[EventCategory "21"]
[SourceTitle "CBM 150"]
[Source "ChessBase"]
[SourceDate "2012.09.14"]
[SourceVersion "1"]
[SourceVersionDate "2012.09.14"]
[SourceQuality "1"]

1. e4 c5 2. Nf3 d6 3. d4 Nf6 4. Nc3 cxd4 5. Nxd4 a6 6. h3 {Ein seltener Gast
in heutiger Praxis, der allerdings zuletzt öfters gespielt wird.} e6 {Das
sieht am logischsten aus, aber Schwarz hat auch Alternativen.} (6... g6 7. g4
Bg7 8. Bg2 O-O 9. Be3 Nc6 10. Nde2 Nd7 11. a4 Rb8 12. Qd2 Nde5 13. b3 $132 {
mit interessantem Spiel in Fedorchuk - Volokitin (Kiev, 2012)}) (6... e5 {
Dieser Zug ist immer eine der Hauptantworten, was immer Weiß im 6. Zug spielt.}
7. Nde2 h5 8. g3 Be6 9. Bg2 Nbd7 10. f4 b5 11. b3 Nb6 12. Bb2 Qc7 $132 {
Shirov - Vachier Lagrave (Melilla, 2011)}) 7. g4 Be7 8. g5 Nfd7 9. h4 {Die
Idee der Variante ist klar - Weiß will so schnell wie möglich an den schwarzen
König rankommen. Das ist jedoch gar nicht so leicht.} b5 (9... Nc6 10. Be3 O-O
$6 {Das sieht sehr gefährlich aus.} 11. Be2 Nxd4 12. Qxd4 b5 13. O-O-O $40 {
Topalov - Gelfand (Astana, 2012)}) 10. Bg2 {Eine gute Alternative ist 10.a3:} (
10. a3 Bb7 11. Be3 O-O 12. Qd2 Nc6 13. O-O-O Nxd4 14. Bxd4 Rc8 15. Rg1 Ne5 16.
Qe3 Nc4 17. Bxc4 Rxc4 18. f4 Re8 19. f5 $40 {Vallejo Pons - Topalov (Leon,
2012)}) 10... Bb7 11. O-O {Diese ganze Idee mit Bg2 und 0-0 ist fraglich. Was
Weiß eigentlich erreicht hat, ist die Schwächung seines eigenen Königs, ohne
wesentlichen Kompensation dafür.} Nc6 12. Nxc6 {Der logische Zug Be3 hat den
Nachteil, dass Schwarz ...Ne5 spielen kann.} (12. Be3 Nce5 13. f4 Nc4 14. Bc1
b4 15. Na4 Nc5 16. b3 Nxa4 17. bxc4 Qc7 $15) 12... Bxc6 13. Be3 h6 $1 {
Einfache und richtige Entscheidung - Schwarz fängt sein Spiel gegen den weißen
König an.} 14. f4 (14. gxh6 gxh6 15. h5 Rg8 $36) (14. g6 O-O $1 15. gxf7+ Rxf7
16. Ne2 Ne5 17. Nd4 Bd7 18. Bh3 Bf8 19. Nxe6 $2 Qxh4 $19) 14... hxg5 15. hxg5
b4 $1 {Schwarz muss schnell spielen. Seine Stellung ist gut, doch wenn er Weiß
erlaubt, seine Figuren zu entwickeln, dann kann er in Nachteil kommen.} (15...
Qc7 16. a3 $14) (15... e5 16. g6 $1 fxg6 17. Qg4 $14) 16. Ne2 e5 $1 {Jetzt
kann die Dame nicht nach g4 gehen, auch der Springer ist weit weg vom Feld d5,
daher ist die Öffnung der Stellung gut für Schwarz.} 17. a3 $1 {Weiß spielt
ebenfalls richtig.} (17. f5 Bxg5 18. Bxg5 Qxg5 19. Qxd6 Bxe4 $19) (17. g6 fxg6
$15) (17. fxe5 Bxg5 18. Bxg5 Qxg5 19. Qxd6 Bxe4 20. Rf2 Nxe5 $19) 17... a5 18.
Qd2 (18. axb4 axb4 19. Rxa8 Qxa8 20. Ng3 g6 21. f5 $132) 18... Nc5 $6 {Ein
Fehlgriff. Nun kann Weiß die bessere Stellung bekommen.} (18... Qb8 19. axb4
axb4 20. Rxa8 Qxa8 21. Ng3 (21. Qxb4 d5 $15) 21... exf4 22. Bxf4 Qa7+ 23. Qe3
Qxe3+ 24. Bxe3 g6 $11) 19. fxe5 bxa3 (19... dxe5 20. Qxd8+ Rxd8 21. axb4 axb4
22. Ra5 $14) 20. Rxa3 Nxe4 (20... dxe5 21. Qxd8+ Rxd8 22. Rxa5 $16) 21. Nd4 $4
{Das ist offensichtlich ein Einsteller.} (21. Qd3 $1 {und Weiß würde sich
Vorteil sichern.} dxe5 (21... d5 22. Nd4 Qc7 (22... Qd7 23. Rxf7 $1 Kxf7 24.
e6+ $18) 23. Nxc6 Qxc6 24. c4 Bxa3 25. cxd5 $18) 22. Bxe4 Bxe4 (22... Qxd3 23.
Bxc6+ $18) 23. Qxe4 Bxa3 24. Qc6+ Kf8 25. g6 f6 26. bxa3 $18) 21... dxe5 $1 {
Nun läuft die Variante forciert bis zum verlorenem Endspiel.} 22. Nxc6 Nxd2 23.
Nxd8 Nxf1 (23... Rxd8 {führt auch zum Vorteil, aber die Partiefortsetzung ist
stärker.} 24. Bc6+ Kf8 25. Rd1 Nc4 26. Rxd8+ Bxd8 27. Bc5+ Be7 28. Bxe7+ Kxe7
29. Ra4 Nxb2 30. Rxa5 $17) 24. Kxf1 (24. Bxa8 Nxe3 25. Nc6 (25. Rxe3 Bc5 $19)
25... Bxa3 $19) 24... Rxd8 25. Rxa5 $17 {Weiß hat kaum Chancen, die Stellung
zu halten.} f6 26. gxf6 $6 {Mehr Chancen hätte Weiß doch nach 26.g6!?} (26. g6
Rh4 27. Bc6+ Kf8 28. c3 Rh3 29. Bf2 Rhd3 $17) 26... gxf6 27. c4 Rh2 {Es droht
Rd1.} 28. Kg1 (28. c5 Rd1+ 29. Kf2 f5 $19) 28... Rh4 29. Bd5 Rb8 {Die weiße
Stellung fällt auseinander.} 30. c5 Rh3 31. Bf2 Rd3 32. c6 Bd8 33. Rc5 Rxb2 34.
Be4 Rd1+ 35. Kg2 Rdd2 0-1

[Event "Gibraltar Masters 10th"]
[Site "Caleta"]
[Date "2012.01.25"]
[Round "2"]
[White "Hunt, Adam"]
[Black "Hou, Yifan"]
[Result "0-1"]
[WhiteElo "2462"]
[BlackElo "2605"]
[Annotator "Let's Check"]
[PlyCount "56"]
[EventDate "2012.01.24"]
[EventType "swiss"]
[EventRounds "10"]
[EventCountry "GGB"]
[SourceTitle "CBM 147"]
[Source "ChessBase"]
[SourceDate "2012.03.16"]
[SourceVersion "1"]
[SourceVersionDate "2012.03.16"]
[SourceQuality "1"]

1. e4 c5 2. Nf3 d6 3. d4 cxd4 4. Nxd4 Nf6 5. Nc3 e6 6. g4 Nc6 7. g5 Nd7 8. Be3
Be7 9. h4 a6 10. Qe2 Qc7 11. Bh3 Nc5 12. O-O-O Nxd4 13. Bxd4 O-O 14. Rdg1 b5
15. Bf5 (15. a3 Rb8 16. h5 $11) 15... exf5 16. Nd5 Qb7 17. Qh5 $2 (17. Nf6+
Bxf6 18. gxf6 $14) 17... Ne6 $19 18. Nf6+ Bxf6 19. gxf6 g6 $2 (19... Qxe4 20.
Be3 f4 $19) 20. f3 $11 Kh8 $2 (20... fxe4 21. Qh6 Qd5 $11) 21. Qh6 $18 Rg8 22.
h5 $4 (22. Rg5 Bd7 23. h5 $18) 22... g5 $19 23. Be3 f4 24. Bxf4 Nxf4 25. Rxg5
Rxg5 26. Qxg5 Ne6 27. Qg2 Bd7 28. Rg1 Qb6 0-1

[Event "EU-ch 12th"]
[Site "Aix les Bains"]
[Date "2011.03.23"]
[Round "2"]
[White "Nepomniachtchi, Ian"]
[Black "Popov, Valerij"]
[Result "1-0"]
[WhiteElo "2729"]
[BlackElo "2565"]
[Annotator "Marchand,A/Primel,D"]
[PlyCount "63"]
[EventDate "2011.03.22"]
[EventType "swiss"]
[EventRounds "11"]
[EventCountry "FRA"]
[SourceTitle "CBM 142 Extra"]
[Source "ChessBase"]
[SourceDate "2011.06.27"]
[SourceVersion "1"]
[SourceVersionDate "2011.06.27"]
[SourceQuality "1"]
[TimeControl "40/5400+30:1800+30"]

1. e4 c5 2. Nf3 d6 3. d4 cxd4 4. Nxd4 Nf6 5. Nc3 a6 6. h3 $5 {Une ligne
secondaire souvent utilisée par FISCHER dans les années 60 et qui a été
relancée récemment depuis que CARLSEN a commencé а l'utiliser en 2008.} e6 (
6... e5 7. Nde2 b5 8. g4 Bb7 9. Bg2) (6... g6 7. Be3) 7. g4 $1 d5 {Réaction
classique au centre} (7... b5 8. Bg2 Bb7 9. O-O b4 10. Nd5 exd5 11. exd5 Be7
12. Nc6 Qc7 13. Nxe7 Kxe7 14. g5 Nfd7 15. Re1+ Kd8) (7... Be7 8. Bg2 Nfd7 {
Fedorchuk,S (2662)-Swiercz,D (2557) EU-ch 12th Aix-les-Bains 2011 (11) 1-0}) (
7... h6 8. Bg2 Nc6) 8. exd5 Nxd5 9. Nde2 (9. Bd2 Nc6 10. Nxc6 bxc6 11. Bg2 Be7
12. Na4) (9. Bg2 $143 Bb4 (9... Nxc3 $132)) 9... h5 $5 {Reprenant une idée de
Najer mais la ligne principale Bb4 semble plus solide} (9... Bb4 $142 10. Bg2
O-O 11. O-O Nxc3 12. Nxc3 Nc6 (12... Qc7 13. Ne4 (13. Qf3)) 13. Qxd8 Rxd8 14.
Na4 e5 15. c3 Be7 16. Nb6 Rb8 17. Nxc8 Rbxc8 18. Be3 Kf8 19. Rfd1 Rd6 20. Kf1
Na5 21. Rxd6 Bxd6 22. Rd1 Ke7 23. b3 Nc6 24. Be4 {Alekseev,E (2716) -Karjakin,
S (2721)/Nalchik 2009/CBM 130/[CB]/1-0 (47)}) 10. Nxd5 $1 exd5 11. g5 $146 (11.
Nf4 {[%csl Rh5]} hxg4 12. Qxd5 Bd7 13. Bc4 Qe7+ 14. Be3 Bc6 15. Qf5 Qb4+ 16. c3
Qxc4 17. Qc8+ Ke7 18. O-O-O Nd7 19. Rxd7+ Kf6 20. Bd4+ Kg5 21. Rd5+ {1-0
Sutovsky,E (2675)-Najer,E (2663)/Netanya 2009/CBM 131 Extra}) 11... Be7 (11...
Nc6 {[%cal Gd5d4]}) 12. Nf4 (12. h4 Bg4) 12... Bxg5 13. Qxd5 Nc6 {[%cal Gc6d4,
Gd4c2]} (13... Qxd5 $6 14. Nxd5 Bd8 15. Be3 $32) 14. c3 {[%csl Gd4]} (14. Be3 {
[%cal Ge1c1]}) (14. Qxd8+ Bxd8 15. Be3 Bg5 16. O-O-O) 14... Qe7+ 15. Be2 Bxf4
16. Bxf4 Be6 17. Qd3 g5 (17... Rd8 $132 18. Qg3 f6 $13 {[%csl Re1,Re8][%cal
Ge7g7]}) 18. Bd6 Qf6 19. O-O-O (19. Bc7 $5 {Eviter le ooo des Noirs méritait
également l'attention}) 19... O-O-O $132 20. Qe3 Rd7 $6 (20... Bxa2 {[%cal
Ga2b3,Gh8e8]}) 21. Bh2 $1 {[%csl Rc8,Gh2][%cal Gh2b8]} Rhd8 22. Rxd7 Rxd7 23.
Rg1 g4 24. hxg4 Bxa2 25. Bd1 {[%csl Ra2][%cal Gb2b3]} Re7 26. Qf4 Qxf4+ 27.
Bxf4 hxg4 $6 $138 (27... Re4 {[%cal Ge4g4]} 28. Be3 hxg4 29. b3 Na5 30. Kb2
Bxb3 31. Bxb3 Nxb3 32. Kxb3 Kd7) 28. b3 Na5 (28... Ne5 29. Bxe5 Rxe5 30. Bxg4+
f5) 29. Bxg4+ Kd8 30. b4 Nc6 31. Bg5 Ne5 32. Bf5 1-0

[Event "World Women-ch k.o."]
[Site "Antakya"]
[Date "2010.12.23"]
[Round "6.4"]
[White "Ruan, Lufei"]
[Black "Hou, Yifan"]
[Result "1-0"]
[WhiteElo "2480"]
[BlackElo "2591"]
[Annotator "Marin,M"]
[PlyCount "93"]
[EventDate "2010.12.04"]
[EventType "k.o."]
[EventRounds "6"]
[EventCountry "TUR"]
[SourceTitle "CBM 140"]
[Source "ChessBase"]
[SourceDate "2011.01.18"]
[SourceVersion "1"]
[SourceVersionDate "2011.01.18"]
[SourceQuality "1"]

1. e4 c5 2. Nf3 e6 3. d4 cxd4 4. Nxd4 Nf6 5. Nc3 d6 6. g4 h6 7. h4 ({Lately,
the more positional} 7. h3 {has gained some popularity.}) 7... Nc6 ({From the
perspective of the next comment,} 7... a6 {seems to make some sense, but this
delays setting up the pressure against the d4-knight, allowing} 8. Bg2 (8. Rg1
$6 {would justify Black's play after} h5 9. gxh5 Nxh5 10. Bg5 Qb6) 8... Nc6 9.
g5 {etc.}) 8. Rg1 d5 $5 ({The typical answer is} 8... h5 9. gxh5 Nxh5 10. Bg5 {
With the b5-square undefended, queen moves would be effectively answered with
Ndb5, which more or less forces Black to retreat with his knight:} Nf6 {
, allowing a later Rg3, with an active position for White.}) 9. exd5 Nxd5 10.
Nxd5 Qxd5 11. Bg2 Qe5+ 12. Be3 Qh2 $5 {A relatively unexplored move.} 13. f4 $5
$146 {An interesting move, cutting the retreat of the queen to c7.} (13. Kf1 {
is a serious concession.} Bd7 $13 {Aseev,K (2556)-Morawietz,D (2374)/Cappelle
la Grande 2003/CBM 092 ext (1-0, 41)}) (13. Nf3 Qc7 14. c3 e5 15. Nd2 Be6 16.
Qa4 Be7 17. O-O-O O-O 18. Kb1 (18. g5 Nd4 $5 {[%cal Gb7b5]} 19. Bxd4 exd4 20.
Qxd4 Rfd8 $44) 18... Bxh4 $13 {Pugh,J (2570)-Nickel,A (2602)/corr 2007 (1/2,
32)}) 13... Bd7 $6 (13... Nxd4 14. Qxd4 Qxh4+ 15. Bf2 Qd8 16. Qxd8+ Kxd8 17.
O-O-O+ Kc7 18. Rd4 $44) 14. Qd2 Nxd4 $6 (14... Qxh4+ 15. Bf2 Qd8 16. O-O-O $36)
15. O-O-O $1 Bc5 16. Bxd4 Bxd4 17. Qxd4 $18 O-O-O 18. Qc4+ Kb8 19. Qe4 Bc8 20.
h5 Ka8 21. a4 Rd5 22. Rdf1 Qh4 23. Qc4 Rd7 24. a5 Qd8 25. a6 Qa5 26. Kb1 Kb8
27. axb7 Bxb7 28. Bxb7 Rxb7 29. Qd4 Ka8 30. Rf3 Rhb8 31. b3 f6 32. Rd1 Qb4 33.
Qe3 Rb6 34. Rd4 Qe7 35. Qd3 R6b7 36. Re3 Re8 37. Rd6 e5 38. fxe5 fxe5 39. Re4
Qc7 40. Rd5 Qb8 41. Rc4 Rf8 42. Kb2 Qe8 43. Rdc5 Qe6 44. Qe4 Kb8 45. Rxe5 Qf6
46. Rc6 Qf7 47. Rf5 1-0